00850nam a2200241Ia 4500001000600000003000900006008004100015040001300056040001300069041001300082100001900095100002800114245002600142245002600168250001100194260001200205260001400217260004900231300004300280500022800323650002600551650003100577 4387IT-RoPAU130308s9999 xx 000 0 und d aIT-RoPAU cIT-RoPAU aITALIANO aVolpi Domenico gCodice Aut. SPICS: 584 aDidattica dei fumetti bDidattica dei Fumetti a1a ed. aBRESCIA bLa Scuola c1977 [1° Ed.:1977 - Ed.Ling.Originale:1977] a"250 p. (prefazione: no ; testo: 250)" aMass Media e Civiltà delle immagini Storia dei Fumetti Definizione e Linguaggio del Fumetto Situazione della Stampa per ragazzi Rapporto tra Stampa e Lettori Fumetto a Scuola Schede dei Personaggi del Fumetto Bibliografia aEDUCAZIONE AL FUMETTO eCodice materia Spics: 6712